Statistiques concernant BIA - Les instruments

Cliquez ici pour prendre le quiz!

Statistiques générales

  • Ce quiz a été pris 50 fois
  • Le résultat moyen est 10 sur 18

Statistiques - réponses

Description de l’instrumentNom de l’instrument% Correct
Il indique l’altitude de l’avion par rapport à une référence choisie. Il indique l’altitude en pied ou en mètre.Altimètre
89%
Zone d’utilisation normaleArc Vert
89%
Vitesse à ne jamais dépasserTrait Rouge
89%
Vitesse de décrochage volets sortis et vitesse maximum d’utilisation des voletsArc Blanc
87%
Zone interdite en turbulenceArc Jaune
79%
ll permet de restituer au pilote la position de « l’horizon naturel » lorsque celui-ci n’est pas visible : vol de nuit, trop de nuage, altitude importante... Le pilote voit alors l’assiette et l’inclinaison de l’avion.Horizon artificiel
68%
L’appareil indique la vitesse de l’avion par rapport à l’air. Il peut être gradué en Kt ou en km/h. Il possède un trait rouge ainsi que trois arcs colorés qui correspondent à des vitesses caractéristiques.Anémomètre
63%
Par rapport au niveau de la mer. L’altimètre indique une altitude.QNH
55%
Il s’agit de l'équipement embarqué qui permet aux radars secondaires des stations de contrôle aérien de déterminer la position de l'avion dans l'espace surveillé. Il permet également de donner une information de position aux autres avions se trouvant à proximité (40 miles nautiques, 8700 pieds au‐dessus ou en dessous) si ces derniers sont équipés du système TCAS.Transpondeur
53%
Il s’agit d’une boussole qui permet de mesurer l’orientation de l’avion par rapport au Nord magnétique (cap magnétique).Compas magnétique
50%
Il mesure une vitesse verticale de montée ou de descente. Il est gradué en ft/min ou parfois en m/s.Variomètre
47%
Par rapport à la piste. L’altimètre indique une hauteur par rapport à l’aérodrome.QFE
45%
Détournement7500
39%
Panne radio7600
34%
Détresse7700
34%
Il donne aussi le cap magnétique mais permet d’éviter les erreurs du compas.Directionnel | Conservateur de cap
34%
Il indique le sens et le taux du virage.Indicateur de virage
29%
La pression 1013,25 hPa (calage standard) : l’altimètre indique un niveau de vol.1013,25
21%

Distribution des résultats

Percentile par nombre de réponses

% des personnes avec chaque résultat

Votre développement - résultats

Vous n’avez pas pris ce quiz